<?xml version="1.0" encoding="UTF-8"?><?xml-stylesheet type="text/xsl" href="static/style.xsl"?><OAI-PMH xmlns="http://www.openarchives.org/OAI/2.0/" xmlns:xsi="http://www.w3.org/2001/XMLSchema-instance" xsi:schemaLocation="http://www.openarchives.org/OAI/2.0/ http://www.openarchives.org/OAI/2.0/OAI-PMH.xsd"><responseDate>2026-06-05T17:45:36Z</responseDate><request verb="GetRecord" identifier="oai:riuma.uma.es:10630/32822" metadataPrefix="marc">https://riuma.uma.es/rest/oai/request</request><GetRecord><record><header><identifier>oai:riuma.uma.es:10630/32822</identifier><datestamp>2026-02-03T11:26:30Z</datestamp><setSpec>com_10630_2254</setSpec><setSpec>col_10630_37953</setSpec></header><metadata><record xmlns="http://www.loc.gov/MARC21/slim" xmlns:dcterms="http://purl.org/dc/terms/" xmlns:doc="http://www.lyncode.com/xoai" xmlns:xsi="http://www.w3.org/2001/XMLSchema-instance" xsi:schemaLocation="http://www.loc.gov/MARC21/slim http://www.loc.gov/standards/marcxml/schema/MARC21slim.xsd">
   <leader>00925njm 22002777a 4500</leader>
   <datafield ind2=" " ind1=" " tag="042">
      <subfield code="a">dc</subfield>
   </datafield>
   <datafield ind2=" " ind1=" " tag="720">
      <subfield code="a">Mates-Sánchez, José Manuel</subfield>
      <subfield code="e">author</subfield>
   </datafield>
   <datafield ind2=" " ind1=" " tag="720">
      <subfield code="a">di Paola, Floriana J.</subfield>
      <subfield code="e">author</subfield>
   </datafield>
   <datafield ind2=" " ind1=" " tag="720">
      <subfield code="a">Campos-Sandoval, José Ángel</subfield>
      <subfield code="e">author</subfield>
   </datafield>
   <datafield ind2=" " ind1=" " tag="720">
      <subfield code="a">Mazurek, Sybille</subfield>
      <subfield code="e">author</subfield>
   </datafield>
   <datafield ind2=" " ind1=" " tag="720">
      <subfield code="a">Márquez-Gómez, Javier</subfield>
      <subfield code="e">author</subfield>
   </datafield>
   <datafield ind2=" " ind1=" " tag="260">
      <subfield code="c">2020-02</subfield>
   </datafield>
   <datafield ind2=" " ind1=" " tag="520">
      <subfield code="a">Metabolic reprogramming in cancer targets glutamine metabolism as a key mechanism to provide energy,&#xd;
biosynthetic precursors and redox requirements to allow the massive proliferation of tumor cells. Glutamine is&#xd;
also a signaling molecule involved in essential pathways regulated by oncogenes and tumor suppressor factors.&#xd;
Glutaminase isoenzymes are critical proteins to control glutaminolysis, a key metabolic pathway for cell proliferation&#xd;
and survival that directs neoplasms’ fate. Adaptive glutamine metabolism can be altered by different&#xd;
metabolic therapies, including the use of specific allosteric inhibitors of glutaminase that can evoke synergistic&#xd;
effects for the therapy of cancer patients. We also review other clinical applications of in vivo assessment of&#xd;
glutaminolysis by metabolomic approaches, including diagnosis and monitoring of cancer.</subfield>
   </datafield>
   <datafield ind1="8" ind2=" " tag="024">
      <subfield code="a">José M. Matés, Floriana J. Di Paola, José A. Campos-Sandoval, Sybille Mazurek, Javier Márquez, Therapeutic targeting of glutaminolysis as an essential strategy to combat cancer, Seminars in Cell &amp; Developmental Biology, Volume 98, 2020, Pages 34-43, ISSN 1084-9521, https://doi.org/10.1016/j.semcdb.2019.05.012. (https://www.sciencedirect.com/science/article/pii/S1084952119300734)</subfield>
   </datafield>
   <datafield ind1="8" ind2=" " tag="024">
      <subfield code="a">https://hdl.handle.net/10630/32822</subfield>
   </datafield>
   <datafield ind1="8" ind2=" " tag="024">
      <subfield code="a">10.1016/j.semcdb.2019.05.012</subfield>
   </datafield>
   <datafield tag="653" ind2=" " ind1=" ">
      <subfield code="a">Cáncer</subfield>
   </datafield>
   <datafield ind2="0" ind1="0" tag="245">
      <subfield code="a">Therapeutic targeting of glutaminolysis as an essential strategy to combat cancer</subfield>
   </datafield>
</record>
</metadata></record></GetRecord></OAI-PMH>